Pays sans visa - Statistiques

Statistiques générales
  • Ce quiz a été pris 29 fois
  • Le résultat moyen est 29 sur 71
Statistiques - réponses
Réponse % Correct
Mali
79%
Senegal
71%
Ethiopie
67%
Republique du Congo
67%
Guinee
63%
Niger
63%
Nigeria
63%
Tanzanie
63%
angola
58%
Kenya
58%
Madagascar
58%
Seychelles
58%
Guinee-Bissau
54%
Lesotho
54%
Mozambique
54%
Tuvalu
54%
Zambie
54%
Cap Vert
50%
Comores
50%
Cote d'ivoire
50%
Malaisie
50%
Maurice
50%
Samoa
50%
Sao Tomé et principe
50%
Tunisie
50%
Vanuatu
50%
Etats federes de Micronesie
46%
Gabon
46%
Haiti
46%
Liban
46%
Mauritanie
46%
Republique Dominicaine
46%
Rwanda
46%
Togo
46%
Cuba
42%
Djibouti
42%
Gambie
42%
Iles marshall
42%
Somalie
42%
Benin
38%
Bresil
38%
Dominique
38%
Equateur
38%
Kazakhstan
38%
Ouganda
38%
Saint Vincent et les grenadines
38%
Indonesie
33%
Laos
33%
Nicaragua
33%
Palaos
33%
Philippines
33%
Syrie
33%
Barbade
29%
Bolivie
29%
Cambodge
29%
Colombie
29%
Iran
29%
Tadjikistan
29%
Turquie
29%
Belize
25%
Maldives
25%
Grenade
21%
Jordanie
17%
Nepal
17%
Timor oriental
17%
Hong Kong
4%
Macao
4%
Iles cook
0%
Iles Pitcairn
0%
Niue
0%
Somaliland
0%
Aucun quiz correspondant
Distribution des résultats
% des personnes avec chaque résultat
Percentile par nombre de réponses
Votre historique - résultats
Vous n’avez pas pris ce quiz